| 000 | 00369nam a2200157Ia 4500 | ||
|---|---|---|---|
| 005 | 20250324051425.0 | ||
| 008 | 240331s9999 xx 000 0 und d | ||
| 020 | _a9789558354315 | ||
| 082 |
_bRAF _a894 |
||
| 100 | _aRafeek,V | ||
| 245 | 0 | _aMeha vazhvu | |
| 260 |
_aColombo _bGnanam Pathippakam _c2009 |
||
| 300 | _aXii, 60 p ., | ||
| 650 | _aKavithaikal | ||
| 942 | _cL | ||
| 999 |
_c5124 _d5124 |
||